| 000 | 00359nam a2200097Ia 4500 | ||
|---|---|---|---|
| 008 | 180130s9999 xx 000 0 und d | ||
| 245 |
_cAli, Qutaiba I. _aSimulation framework of wireless sensor network (WSN) using computer |
||
| 260 | _c2015 | ||
| 300 | _aBook title: Computer science handbook--Acession number C20740; pages 101-132 | ||
| 650 | _aCOMPUTER SCIENCE | ||
| 999 |
_c353827 _d353827 |
||